000 00557nam a2200157Ia 4500
008 160316s1998 xxu||||| |||| 00| 0 eng d
082 _a341.750000
_bHER
100 _aHerman Barry
245 _aInternational finance and developing countries in a year of crisis : 1997 discussions at the United Nations
250 _a
260 _aNew Delhi
_bVistar Publications
_c1998
300 _a143p
_b
_cix
365 _bRs.165
650 _a1. International Finance - Crises - Developing Countries 2. International Financial Policies
700 _aSharma Krishnan
_a
999 _c13674
_d13674